[Event "Milan Palladino Memorial"]
[Site "Milan"]
[Date "2011.04.25"]
[Round "6"]
[White "Gaggino, Davide"]
[Black "Zacco, Remo"]
[Result "1-0"]
[WhiteElo "1903"]
[BlackElo "1942"]
[PlyCount "29"]
[EventDate "2011.04.21"]
[EventType "swiss"]
[EventRounds "7"]
[EventCountry "ITA"]
[SourceTitle "EXT 2023"]
[Source "ChessBase"]
[SourceDate "2022.10.05"]
[SourceVersion "1"]
[SourceVersionDate "2022.10.05"]
[SourceQuality "1"]

1. c4 e6 2. Nf3 f5 3. Nc3 Nf6 4. d3 Bb4 5. Bd2 0-0 6. a3 Bxc3 7. Bxc3 b6 8. g3 Bb7 9. Bg2 a5 10. 0-0 Qc8 11. b4 Nc6 12. b5 Ne7 13. Qb3 Ng6 14. Rad1 Rb8 15. Bb2 1-0

[Event "Milan Crespi op-A 28th"]
[Site "Milan"]
[Date "2007.12.08"]
[Round "6"]
[White "De Santis, Alessio"]
[Black "Zacco, Remo"]
[Result "1-0"]
[WhiteElo "2367"]
[BlackElo "1994"]
[PlyCount "67"]
[EventDate "2007.12.05"]
[EventType "swiss"]
[EventRounds "7"]
[EventCountry "ITA"]
[SourceTitle "EXT 2009"]
[Source "ChessBase"]
[SourceDate "2008.11.26"]
[SourceVersion "1"]
[SourceVersionDate "2008.11.26"]
[SourceQuality "1"]

1. d4 f5 2. f3 Nf6 3. Bg5 d6 4. Nc3 Nc6 5. e4 a6 6. Nge2 g6 7. Qd2 h6 8. Be3 e5 9. 0-0-0 Qe7 10. Nd5 Nxd5 11. exd5 Nd8 12. dxe5 dxe5 13. c4 b6 14. Nc3 Bb7 15. g4 Nf7 16. gxf5 gxf5 17. Bd3 Bc8 18. Rhe1 Bd7 19. f4 Bg7 20. d6 Qxd6 21. Qg2 e4 22. Qxg7 0-0-0 23. c5 Qe6 24. Bxa6+ Kb8 25. cxb6 cxb6 26. Bxb6 Qxb6 27. Qxf7 Be6 28. Qf6 Rdf8 29. Qe5+ Ka7 30. Rd6 Qf2 31. Qg7+ Bf7 32. Rd7+ Ka8 33. Bb7+ Ka7 34. Bxe4+ 1-0

[Event "Milan Crespi op-A 28th"]
[Site "Milan"]
[Date "2007.12.07"]
[Round "3"]
[White "Zacco, Remo"]
[Black "Moreschi, Mauro"]
[Result "1-0"]
[WhiteElo "1994"]
[BlackElo "1944"]
[PlyCount "33"]
[EventDate "2007.12.05"]
[EventType "swiss"]
[EventRounds "7"]
[EventCountry "ITA"]
[SourceTitle "EXT 2009"]
[Source "ChessBase"]
[SourceDate "2008.11.26"]
[SourceVersion "1"]
[SourceVersionDate "2008.11.26"]
[SourceQuality "1"]

1. e4 d6 2. d4 Nf6 3. Nc3 e5 4. Nf3 Nbd7 5. Bc4 h6 6. dxe5 dxe5 7. Bxf7+ Kxf7 8. Nxe5+ Ke8 9. Ng6 Rg8 10. e5 Bb4 11. exf6 Bxc3+ 12. bxc3 Nxf6 13. Qe2+ Kf7 14. Ne5+ Ke8 15. Nc6+ Kd7 16. Nxd8 Re8 17. Be3 1-0

[Event "Milan Crespi op-A 28th"]
[Site "Milan"]
[Date "2007.12.05"]
[Round "1"]
[White "Zacco, Remo"]
[Black "Rettore, Ludwig"]
[Result "0-1"]
[WhiteElo "1994"]
[BlackElo "2177"]
[PlyCount "88"]
[EventDate "2007.12.05"]
[EventType "swiss"]
[EventRounds "7"]
[EventCountry "ITA"]
[SourceTitle "EXT 2009"]
[Source "ChessBase"]
[SourceDate "2008.11.26"]
[SourceVersion "1"]
[SourceVersionDate "2008.11.26"]
[SourceQuality "1"]

1. Nf3 d5 2. g3 c6 3. Bg2 Bg4 4. d4 Nd7 5. Nbd2 e6 6. 0-0 Ngf6 7. b3 Qa5 8. a3 Qc3 9. Ra2 Bf5 10. e3 c5 11. h3 h6 12. Re1 Be7 13. dxc5 Qxc5 14. Nd4 Bg6 15. c4 a5 16. cxd5 Nxd5 17. Bb2 0-0 18. Qc1 Qb6 19. e4 N5f6 20. e5 Nd5 21. Nc4 Qd8 22. Qd2 Nc5 23. f4 Nd3 24. Re2 Bc5 25. Kh2 N5xf4 26. gxf4 Nxb2 27. Rxb2 Bxd4 28. Nd6 Bxb2 29. Qxb2 Qb6 30. Rd2 Rab8 31. Rc2 Rfd8 32. Rd2 Qe3 33. Rf2 b5 34. Bc6 b4 35. a4 Rb6 36. Nc4 Qc5 37. Nxb6 Qxc6 38. Nc4 Rd1 39. Qe2 Qh1+ 40. Kg3 Bf5 41. Rh2 Rg1+ 42. Kh4 g5+ 43. Kh5 Kg7 44. fxg5 Bg6+ 0-1

[Event "Milan Bosi op"]
[Site "Milan"]
[Date "2007.10.28"]
[Round "6"]
[White "Zacco, Remo"]
[Black "Astengo, Marcello"]
[Result "0-1"]
[WhiteElo "1994"]
[BlackElo "2024"]
[PlyCount "60"]
[EventDate "2007.10.20"]
[EventType "swiss"]
[EventRounds "7"]
[EventCountry "ITA"]
[SourceTitle "EXT 2010"]
[Source "ChessBase"]
[SourceDate "2010.11.25"]
[SourceVersion "1"]
[SourceVersionDate "2010.11.25"]
[SourceQuality "1"]

1. e4 e6 2. d4 d5 3. Nc3 Nf6 4. Bg5 Bb4 5. e5 h6 6. Bd2 Bxc3 7. Bxc3 Ne4 8. Bb4 c5 9. dxc5 Nxf2 10. Bb5+ Bd7 11. Bxd7+ Nxd7 12. Qd4 Nxh1 13. Nf3 Qc7 14. c4 dxc4 15. 0-0-0 Rc8 16. c6 Qxc6 17. Rxh1 Nc5 18. Bc3 b5 19. Qg4 0-0 20. Nd4 Qd5 21. Rf1 b4 22. Bd2 Nd3+ 23. Kb1 Nxe5 24. Qh4 Qxg2 25. Qe1 Nd3 26. Qd1 Nxb2 27. Qe1 c3 28. Bc1 Nd3 29. Qd1 c2+ 30. Nxc2 Nxc1 0-1

[Event "Milan Bosi op"]
[Site "Milan"]
[Date "2007.10.27"]
[Round "5"]
[White "Zacco, Remo"]
[Black "Sirletti, Sonia"]
[Result "1-0"]
[WhiteElo "1994"]
[BlackElo "1999"]
[PlyCount "45"]
[EventDate "2007.10.20"]
[EventType "swiss"]
[EventRounds "7"]
[EventCountry "ITA"]
[SourceTitle "EXT 2010"]
[Source "ChessBase"]
[SourceDate "2010.11.25"]
[SourceVersion "1"]
[SourceVersionDate "2010.11.25"]
[SourceQuality "1"]

1. c4 Nf6 2. Nc3 e6 3. Nf3 d5 4. d4 Be7 5. g3 0-0 6. cxd5 exd5 7. Bg2 h6 8. 0-0 c6 9. Ne5 Be6 10. h3 Nbd7 11. Kh2 Nxe5 12. dxe5 Nd7 13. f4 f5 14. e3 Nc5 15. Ne2 Qe8 16. Nd4 g5 17. b4 Ne4 18. Nxe6 Rf7 19. Nc7 Qf8 20. Nxa8 Bxb4 21. Qb3 Kh8 22. Bxe4 dxe4 23. e6 1-0

[Event "Ceriano Laghetto op-A 15th"]
[Site "Ceriano Laghetto"]
[Date "2006.04.01"]
[Round "3"]
[White "Sbarra, Marco"]
[Black "Zacco, Remo"]
[Result "1-0"]
[WhiteElo "2270"]
[BlackElo "2009"]
[PlyCount "81"]
[EventDate "2006.03.31"]
[EventType "swiss"]
[EventRounds "5"]
[EventCountry "ITA"]
[SourceTitle "EXT 2011"]
[Source "ChessBase"]
[SourceDate "2010.11.26"]
[SourceVersion "1"]
[SourceVersionDate "2010.11.26"]
[SourceQuality "1"]

1. Nf3 Nf6 2. c4 g6 3. Nc3 Bg7 4. e4 d6 5. d4 0-0 6. Be2 e5 7. d5 a5 8. Bg5 Nbd7 9. Nd2 Nc5 10. 0-0 h6 11. Be3 b6 12. b3 Re8 13. a3 Ncd7 14. b4 Nh7 15. Qc2 Rf8 16. Nb3 f5 17. f3 f4 18. Bf2 g5 19. c5 Ndf6 20. cxb6 cxb6 21. Na4 axb4 22. axb4 Rb8 23. Rfc1 g4 24. Qc7 Qxc7 25. Rxc7 gxf3 26. gxf3 Ng5 27. Bxb6 Ngxe4 28. fxe4 Nxe4 29. Rac1 Bh3 30. Bf1 Bf5 31. Na5 Bf6 32. Nc6 Rbc8 33. Nc3 Nd2 34. Rd1 Nf3+ 35. Kh1 Kh8 36. Bg2 e4 37. Ne2 Be5 38. Nxe5 dxe5 39. Nxf4 exf4 40. Bxf3 exf3 41. Bd4+ 1-0

[Event "Ceriano Laghetto op-A 15th"]
[Site "Ceriano Laghetto"]
[Date "2006.03.31"]
[Round "1"]
[White "Bozzali, Ermanno"]
[Black "Zacco, Remo"]
[Result "1-0"]
[WhiteElo "2105"]
[BlackElo "2009"]
[PlyCount "81"]
[EventDate "2006.03.31"]
[EventType "swiss"]
[EventRounds "5"]
[EventCountry "ITA"]
[SourceTitle "EXT 2011"]
[Source "ChessBase"]
[SourceDate "2010.11.26"]
[SourceVersion "1"]
[SourceVersionDate "2010.11.26"]
[SourceQuality "1"]

1. d4 d6 2. e4 g6 3. Nc3 Bg7 4. Be3 Nd7 5. Qd2 a6 6. f3 b5 7. Nge2 Nb6 8. b3 e6 9. Rd1 h5 10. Nf4 Qh4+ 11. g3 Qe7 12. Bg2 Rb8 13. Nd3 Bd7 14. h4 Bh6 15. f4 Nf6 16. Nf2 Bg7 17. e5 Nfd5 18. Nxd5 exd5 19. 0-0 0-0 20. Nh3 Bg4 21. Rde1 Qd7 22. Nf2 Bf5 23. Kh2 Rfe8 24. Nd3 Bf8 25. Bg1 Rbd8 26. Nb2 c6 27. Nd1 Rc8 28. Ne3 Be6 29. f5 gxf5 30. Qe2 dxe5 31. Qxh5 f4 32. gxf4 exf4 33. Bf3 fxe3 34. Bxe3 Qd6+ 35. Kh1 Bg7 36. Rg1 Kf8 37. Rxg7 Ke7 38. Bg5+ Kd7 39. Rxf7+ Bxf7 40. Qxf7+ Re7 41. Rxe7+ 1-0

[Event "Melegnano op 4th"]
[Site "Melegnano"]
[Date "2005.02.27"]
[Round "5"]
[White "Castrogiovanni, Carlo"]
[Black "Zacco, Remo"]
[Result "1-0"]
[WhiteElo "2102"]
[BlackElo "2016"]
[PlyCount "107"]
[EventDate "2005.02.25"]
[EventType "swiss"]
[EventRounds "5"]
[EventCountry "ITA"]
[SourceTitle "EXT 2007"]
[Source "ChessBase"]
[SourceDate "2006.11.23"]
[SourceVersion "1"]
[SourceVersionDate "2006.11.23"]
[SourceQuality "1"]

1. Nf3 e6 2. c4 f5 3. g3 Nf6 4. Bg2 Be7 5. Nc3 0-0 6. 0-0 d6 7. d3 c6 8. e4 e5 9. Qe2 Qe8 10. d4 fxe4 11. Nxe4 Nxe4 12. Qxe4 Bf5 13. Qe3 e4 14. Ng5 Bxg5 15. Qxg5 Qe6 16. b3 Nd7 17. Ba3 Rf6 18. Rac1 Re8 19. Qd2 Bh3 20. f4 Bxg2 21. Qxg2 Nb6 22. Rfe1 d5 23. Qe2 Qf5 24. Rc3 Rfe6 25. Re3 Qf7 26. Rc1 Rg6 27. Kh1 Rge6 28. Kg2 Rh6 29. Bc5 Nc8 30. Kg1 Qf6 31. cxd5 cxd5 32. Qb5 Qf7 33. Ba3 Rb6 34. Qe2 Qd7 35. Rec3 a6 36. Rc7 Qe6 37. Bc5 Rb5 38. Qc2 e3 39. Qd3 e2 40. Re1 b6 41. a4 Ra5 42. Bb4 Nd6 43. Bxa5 bxa5 44. Rc2 Ne4 45. Qxe2 Qb6 46. Qd3 h5 47. Rec1 Qg6 48. Rc8 h4 49. Qf3 Rxc8 50. Rxc8+ Kh7 51. f5 Qg5 52. Qf4 hxg3 53. Qxg5 Nxg5 54. Kg2 1-0

[Event "Robecchetto op"]
[Site "Robecchetto"]
[Date "2004.12.27"]
[Round "2"]
[White "Temi, Walter"]
[Black "Zacco, Remo"]
[Result "1/2-1/2"]
[WhiteElo "2099"]
[BlackElo "2016"]
[PlyCount "67"]
[EventDate "2004.12.27"]
[EventType "swiss"]
[EventRounds "6"]
[EventCountry "ITA"]
[SourceTitle "CBM 104 Extra"]
[Source "ChessBase"]
[SourceDate "2005.03.01"]
[SourceVersion "1"]
[SourceVersionDate "2005.03.01"]
[SourceQuality "1"]

1. e4 d6 2. d4 g6 3. c4 e5 4. Nf3 Nc6 5. Bg5 f6 6. Be3 Bg4 7. d5 Nce7 8. Be2 Nh6 9. Nc3 Nf7 10. Nxe5 Bxe2 11. Nxf7 Bxd1 12. Nxd8 Bg4 13. Ne6 Bxe6 14. dxe6 c6 15. 0-0-0 Nc8 16. f4 Bh6 17. h4 Ke7 18. h5 Nb6 19. b3 Rae8 20. hxg6 hxg6 21. Rh3 f5 22. Kc2 Bg7 23. Rg3 Bxc3 24. Kxc3 Rhg8 25. c5 dxc5 26. Bxc5+ Kxe6 27. Rd6+ Kf7 28. Bxb6 axb6 29. exf5 gxf5 30. Rd7+ Ke6 31. Rxg8 Rxg8 32. Rxb7 b5 33. Rc7 Kd5 34. Rf7 1/2-1/2

[Event "Corsico op 29th"]
[Site "Corsico"]
[Date "2004.05.02"]
[Round "5"]
[White "Gagliardi, Christian"]
[Black "Zacco, Remo"]
[Result "0-1"]
[WhiteElo "2116"]
[BlackElo "2028"]
[PlyCount "72"]
[EventDate "2004.04.29"]
[EventType "swiss"]
[EventRounds "6"]
[EventCountry "ITA"]
[SourceTitle "EXT 2007"]
[Source "ChessBase"]
[SourceDate "2006.11.23"]
[SourceVersion "1"]
[SourceVersionDate "2006.11.23"]
[SourceQuality "1"]

1. e4 e5 2. f4 exf4 3. Nf3 d6 4. Bc4 h6 5. b3 Nc6 6. Bb2 Nf6 7. Nc3 Bg4 8. d4 Qe7 9. 0-0 0-0-0 10. Qd3 g5 11. Rae1 Bg7 12. Bd5 Qd7 13. Bxc6 Qxc6 14. Nb5 Qb6 15. Nd2 a6 16. Na3 d5 17. e5 Nd7 18. Kh1 Qe6 19. c4 dxc4 20. Naxc4 Bf5 21. Qc3 Kb8 22. b4 h5 23. a4 h4 24. b5 axb5 25. axb5 h3 26. gxh3 Rxh3 27. Qa5 Qd5+ 28. Kg1 Rxh2 29. Nf3 Rh3 30. Ncd2 Rdh8 31. Ra1 Nb6 32. Qa7+ Kc8 33. Rac1 Rh1+ 34. Kf2 Rxf1+ 35. Nxf1 Qxb5 36. Qa2 Be6 0-1

[Event "Corsico op 29th"]
[Site "Corsico"]
[Date "2004.04.30"]
[Round "2"]
[White "Massironi, Marco"]
[Black "Zacco, Remo"]
[Result "1-0"]
[WhiteElo "2119"]
[BlackElo "2028"]
[PlyCount "69"]
[EventDate "2004.04.29"]
[EventType "swiss"]
[EventRounds "6"]
[EventCountry "ITA"]
[SourceTitle "EXT 2007"]
[Source "ChessBase"]
[SourceDate "2006.11.23"]
[SourceVersion "1"]
[SourceVersionDate "2006.11.23"]
[SourceQuality "1"]

1. e4 g6 2. d4 Bg7 3. Nc3 d6 4. Bc4 Nc6 5. Be3 e5 6. Nge2 Nf6 7. h3 a6 8. a4 0-0 9. 0-0 exd4 10. Nxd4 Re8 11. f3 Nxd4 12. Bxd4 Be6 13. Bxe6 fxe6 14. a5 Rf8 15. Ra3 Bh6 16. Rb3 Rb8 17. e5 Nh5 18. exd6 cxd6 19. Ne4 d5 20. Nc5 Qh4 21. Nxe6 Rf5 22. Bf2 Qe7 23. Nd4 Rg5 24. Re1 Qd7 25. Ne6 Re8 26. Nxg5 Rxe1+ 27. Qxe1 Bxg5 28. Rd3 Nf4 29. Rb3 Bf6 30. Rb6 Bd8 31. Rb4 Bxa5 32. Rxb7 Qxb7 33. Qe8+ Kg7 34. Bd4+ Kh6 35. Qf8+ 1-0

[Event "Gorgonzola op 8th"]
[Site "Gorgonzola"]
[Date "2003.11.16"]
[Round "2"]
[White "Calzolari, Giampietro"]
[Black "Zacco, Remo"]
[Result "0-1"]
[WhiteElo "1963"]
[BlackElo "2077"]
[PlyCount "94"]
[EventDate "2003.11.15"]
[EventType "swiss"]
[EventRounds "6"]
[EventCountry "ITA"]
[SourceTitle "EXT 2007"]
[Source "ChessBase"]
[SourceDate "2006.11.23"]
[SourceVersion "1"]
[SourceVersionDate "2006.11.23"]
[SourceQuality "1"]

1. d4 d6 2. e4 g6 3. Nc3 Bg7 4. Nf3 Nd7 5. Be2 a6 6. a4 b6 7. 0-0 e6 8. Bg5 Ne7 9. Qd2 h6 10. Be3 Bb7 11. h3 g5 12. Nh2 e5 13. d5 Nf6 14. Ng4 Ng6 15. Nxf6+ Qxf6 16. g3 Bc8 17. Kh2 0-0 18. Rg1 Kh7 19. Bg4 Qe7 20. Bf5 Kh8 21. Qe2 Qf6 22. Qg4 Ne7 23. Bxc8 Raxc8 24. f4 exf4 25. gxf4 gxf4 26. Qxf4 Qxf4+ 27. Bxf4 Ng6 28. Bd2 Be5+ 29. Kh1 Kh7 30. Raf1 Rce8 31. Rg4 Re7 32. h4 Bg7 33. Rfg1 Bd4 34. R1g2 Nh8 35. Rf4 Be5 36. Rf5 f6 37. Rh5 Nf7 38. Rf5 Rg8 39. Rxg8 Kxg8 40. Kg2 Kh7 41. Kf3 Kg6 42. b3 Nd8 43. Ne2 Rh7 44. Bf4 Nf7 45. Ng3 h5 46. Nf1 Bc3 47. Ne3 Ne5+ 0-1

[Event "Gorgonzola op 8th"]
[Site "Gorgonzola"]
[Date "2003.11.15"]
[Round "1"]
[White "Zacco, Remo"]
[Black "Gromovs, Sergejs"]
[Result "0-1"]
[WhiteElo "2077"]
[BlackElo "2259"]
[PlyCount "82"]
[EventDate "2003.11.15"]
[EventType "swiss"]
[EventRounds "6"]
[EventCountry "ITA"]
[SourceTitle "EXT 2007"]
[Source "ChessBase"]
[SourceDate "2006.11.23"]
[SourceVersion "1"]
[SourceVersionDate "2006.11.23"]
[SourceQuality "1"]

1. e4 e6 2. d4 c5 3. Nf3 cxd4 4. Nxd4 Nf6 5. Bd3 Nc6 6. Nxc6 dxc6 7. 0-0 e5 8. Bg5 h6 9. Bh4 Be7 10. Bg3 Bd6 11. Nd2 Qe7 12. Nc4 Bc7 13. a4 Bd7 14. a5 0-0 15. h3 Rad8 16. Qf3 Nh7 17. Qe3 Bb8 18. f4 exf4 19. Bxf4 Bxf4 20. Rxf4 Ng5 21. Re1 Ne6 22. Rf2 Qc5 23. Qg3 Qg5 24. Qh2 Nc5 25. e5 Nxd3 26. cxd3 Bf5 27. d4 Rxd4 28. Nd6 Be6 29. Ne4 Qh4 30. Nd6 Rd2 31. Ref1 Qd4 32. Qg3 Rxb2 33. Kh1 Rxf2 34. Rxf2 b5 35. axb6 axb6 36. Rf6 Ra8 37. Rf1 b5 38. Qf3 Ra1 39. Nf5 Bxf5 40. Qxf5 Rxf1+ 41. Qxf1 Qxe5 0-1

[Event "Lugano op"]
[Site "Lugano"]
[Date "2003.10.31"]
[Round "5"]
[White "Giordano, Christian"]
[Black "Zacco, Remo"]
[Result "0-1"]
[WhiteElo "2076"]
[BlackElo "2077"]
[PlyCount "65"]
[EventDate "2003.10.31"]
[EventType "swiss"]
[EventRounds "6"]
[EventCountry "SUI"]
[SourceTitle "EXT 2007"]
[Source "ChessBase"]
[SourceDate "2006.11.23"]
[SourceVersion "1"]
[SourceVersionDate "2006.11.23"]
[SourceQuality "1"]

1. d4 d6 2. c4 f5 3. g3 Nf6 4. Bg2 e6 5. Nc3 Be7 6. Nf3 0-0 7. 0-0 Qe8 8. Qd3 Nc6 9. d5 Nb4 10. Qd2 e5 11. a3 Na6 12. b4 f4 13. Ng5 Nh5 14. Nce4 Qg6 15. Ne6 Bxe6 16. dxe6 Rad8 17. b5 Nc5 18. Nxc5 dxc5 19. Qa5 fxg3 20. hxg3 Nxg3 21. Re1 Nf5 22. Qc3 Nh4 23. Qh3 Nxg2 24. Qxg2 Qxg2+ 25. Kxg2 Rf6 26. Bb2 Rxe6 27. Rad1 Rxd1 28. Rxd1 Bd6 29. Kf3 Kf7 30. e3 h5 31. Rg1 Rg6 32. Rh1 Rg5 33. Ke4 0-1

[Event "Lugano op"]
[Site "Lugano"]
[Date "2003.10.31"]
[Round "3"]
[White "Revinelli, Sergio"]
[Black "Zacco, Remo"]
[Result "0-1"]
[WhiteElo "1783"]
[BlackElo "2077"]
[PlyCount "72"]
[EventDate "2003.10.31"]
[EventType "swiss"]
[EventRounds "6"]
[EventCountry "SUI"]
[SourceTitle "EXT 2007"]
[Source "ChessBase"]
[SourceDate "2006.11.23"]
[SourceVersion "1"]
[SourceVersionDate "2006.11.23"]
[SourceQuality "1"]

1. e4 e5 2. Nf3 Nc6 3. Bc4 Nf6 4. d4 exd4 5. 0-0 Bc5 6. e5 d5 7. exf6 dxc4 8. Re1+ Be6 9. Ng5 Qd5 10. Nc3 Qf5 11. g4 Qxf6 12. Nce4 Qe7 13. Nxe6 fxe6 14. Bg5 Qf8 15. Qe2 Be7 16. Qxc4 e5 17. Bxe7 Qxe7 18. Nc5 Qf7 19. Qe6+ Qxe6 20. Nxe6 Kd7 21. Nc5+ Kd6 22. Nxb7+ Kd5 23. Rad1 Rab8 24. c4+ Kxc4 25. Rc1+ Kb5 26. Nc5 Rbd8 27. Nd3 Rd5 28. f3 h5 29. h3 Rh6 30. g5 Rh8 31. h4 Rf8 32. Kg2 Rf5 33. Rc2 Kb6 34. Rec1 Rd6 35. Re1 a5 36. a3 Rd7 0-1

[Event "Lugano op"]
[Site "Lugano"]
[Date "2003.10.31"]
[Round "2"]
[White "Zacco, Remo"]
[Black "Bellini, Fabio"]
[Result "0-1"]
[WhiteElo "2077"]
[BlackElo "2503"]
[PlyCount "74"]
[EventDate "2003.10.31"]
[EventType "swiss"]
[EventRounds "6"]
[EventCountry "SUI"]
[SourceTitle "EXT 2007"]
[Source "ChessBase"]
[SourceDate "2006.11.23"]
[SourceVersion "1"]
[SourceVersionDate "2006.11.23"]
[SourceQuality "1"]

1. e4 g6 2. d4 Bg7 3. Nf3 c5 4. c3 cxd4 5. Nxd4 Nc6 6. Be3 Nf6 7. Nxc6 bxc6 8. Nd2 d5 9. exd5 cxd5 10. Bb5+ Bd7 11. Qa4 0-0 12. Bxd7 Nxd7 13. Nb3 Nb6 14. Qh4 Nc4 15. Bc1 Rb8 16. 0-0 e6 17. Qg4 Qc8 18. Qe2 a5 19. Rb1 a4 20. Nd4 Qc5 21. Rd1 Rfc8 22. Nxe6 fxe6 23. Qxe6+ Kh8 24. Qxd5 Qxd5 25. Rxd5 Bxc3 26. Bf4 Rxb2 27. Rc1 Bf6 28. g4 Kg8 29. g5 Bg7 30. a3 Ra2 31. Rb5 Rxa3 32. Rb4 Nd6 33. Rd1 Nf5 34. Rb7 Rf3 35. Bc1 Bd4 36. Bb2 Bxb2 37. Rxb2 a3 0-1

[Event "Lugano op"]
[Site "Lugano"]
[Date "2003.10.31"]
[Round "6"]
[White "Zacco, Remo"]
[Black "Businger, Paul"]
[Result "0-1"]
[WhiteElo "2077"]
[BlackElo "2191"]
[PlyCount "60"]
[EventDate "2003.10.31"]
[EventType "swiss"]
[EventRounds "6"]
[EventCountry "SUI"]
[SourceTitle "EXT 2007"]
[Source "ChessBase"]
[SourceDate "2006.11.23"]
[SourceVersion "1"]
[SourceVersionDate "2006.11.23"]
[SourceQuality "1"]

1. e4 e5 2. Nf3 Nc6 3. Bc4 Nf6 4. Ng5 d5 5. exd5 Nd4 6. c3 b5 7. Bf1 Nxd5 8. Ne4 Ne6 9. Bxb5+ Bd7 10. Bxd7+ Qxd7 11. d4 exd4 12. 0-0 Be7 13. cxd4 0-0 14. Nbc3 f5 15. Nc5 Bxc5 16. dxc5 c6 17. Nxd5 cxd5 18. b4 a5 19. Bd2 axb4 20. Bxb4 Qc6 21. Qc2 f4 22. Qc3 f3 23. g3 Ng5 24. Rfe1 Nh3+ 25. Kh1 Nxf2+ 26. Kg1 Nh3+ 27. Kh1 f2 28. Qd4 fxe1Q+ 29. Rxe1 Nf2+ 30. Kg1 Ne4 0-1

[Event "Bratto op 23rd"]
[Site "Bratto"]
[Date "2003.08.29"]
[Round "9"]
[White "Zacco, Remo"]
[Black "Mascheroni, Maurizio"]
[Result "1-0"]
[WhiteElo "2077"]
[BlackElo "2068"]
[PlyCount "129"]
[EventDate "2003.08.21"]
[EventType "swiss"]
[EventRounds "9"]
[EventCountry "ITA"]
[SourceTitle "EXT 2004"]
[Source "ChessBase"]
[SourceDate "2003.11.25"]
[SourceVersion "1"]
[SourceVersionDate "2003.11.25"]
[SourceQuality "1"]

1. e4 e5 2. Nf3 Nc6 3. Bc4 Nf6 4. Ng5 d5 5. exd5 Na5 6. d3 h6 7. Nf3 e4 8. dxe4 Nxc4 9. Qd4 Nb6 10. 0-0 Be7 11. c4 c5 12. Qd3 0-0 13. Nc3 Re8 14. e5 Nh7 15. Bf4 f6 16. Rfe1 fxe5 17. Nxe5 Bg5 18. Bg3 Rf8 19. Qe2 Bf5 20. Rad1 Nd7 21. f4 Bh4 22. d6 Bxg3 23. hxg3 Nhf6 24. Qf2 a6 25. Nxd7 Bxd7 26. Qxc5 Rc8 27. Qd4 Re8 28. c5 Bg4 29. Rc1 Qd7 30. b4 Rxe1+ 31. Rxe1 Re8 32. Qd2 Qc6 33. a3 b6 34. Rxe8+ Nxe8 35. Nd5 Kh8 36. Nxb6 Nf6 37. Qe3 Nd5 38. Nxd5 Qxd5 39. Qe8+ Kh7 40. Qe3 Bd7 41. Qf3 Qd4+ 42. Kh2 Qc4 43. Qb7 Qb5 44. Qe4+ Kg8 45. Qd5+ Kf8 46. Qe5 Qc6 47. f5 Qc8 48. f6 Qe8 49. fxg7+ Kg8 50. Qd4 Qf7 51. Qe4 Qh5+ 52. Qh4 Qxh4+ 53. gxh4 Kxg7 54. Kg3 Kf6 55. Kf4 Ke6 56. g4 Kd5 57. g5 hxg5+ 58. hxg5 a5 59. g6 axb4 60. axb4 Ke6 61. Kg5 Be8 62. g7 Kf7 63. Kf5 Bd7+ 64. Ke5 Bc6 65. g8Q+ 1-0

[Event "Monza op"]
[Site "Monza"]
[Date "2002.03.23"]
[Round "4"]
[White "Zacco, Remo"]
[Black "Tortora, Franco"]
[Result "0-1"]
[WhiteElo "1821"]
[BlackElo "2002"]
[PlyCount "65"]
[EventDate "2002.03.16"]
[EventType "swiss"]
[EventRounds "4"]
[EventCountry "ITA"]
[SourceTitle "EXT 2024"]
[Source "ChessBase"]
[SourceDate "2023.10.10"]
[SourceVersion "1"]
[SourceVersionDate "2023.10.10"]
[SourceQuality "1"]

1. e4 e6 2. d4 d5 3. Nd2 Be7 4. Ngf3 Nf6 5. e5 Nfd7 6. Bd3 c5 7. c3 Nc6 8. 0-0 Qb6 9. Re1 cxd4 10. cxd4 Nxd4 11. Nxd4 Qxd4 12. Nf3 Qb6 13. Qa4 Qb4 14. Qc2 Nb6 15. Bd2 Qc5 16. Bc3 Bd7 17. a4 Rc8 18. a5 Nc4 19. Qe2 a6 20. b3 Na3 21. Bb2 Nb5 22. Rac1 Qb4 23. Rxc8+ Bxc8 24. Rc1 Bd7 25. Qc2 Qxa5 26. Bxh7 Qb4 27. Bd3 Bc6 28. Bxb5 Bxb5 29. Qc8+ Bd8 30. Bc3 Qe7 31. Ba5 0-0 32. Qc3 Bxa5 33. Qxa5 0-1

[Event "Monza op"]
[Site "Monza"]
[Date "2002.03.17"]
[Round "3"]
[White "Zacco, Remo"]
[Black "D'Ettorre, Ireneo"]
[Result "1-0"]
[WhiteElo "1821"]
[BlackElo "1711"]
[PlyCount "81"]
[EventDate "2002.03.16"]
[EventType "swiss"]
[EventRounds "4"]
[EventCountry "ITA"]
[SourceTitle "EXT 2024"]
[Source "ChessBase"]
[SourceDate "2023.10.10"]
[SourceVersion "1"]
[SourceVersionDate "2023.10.10"]
[SourceQuality "1"]

1. e4 Nf6 2. Nc3 d5 3. exd5 Nxd5 4. Bc4 Nb6 5. Bb3 e6 6. Nf3 Be7 7. d4 Nc6 8. Bf4 a6 9. Qd2 Na5 10. 0-0 Nxb3 11. axb3 0-0 12. Ne4 Nd5 13. Bg5 Bd7 14. c4 Bxg5 15. Nexg5 Nf6 16. Ne5 Qe7 17. Rfe1 Rad8 18. Rad1 Bc8 19. Qc2 h6 20. Ngf3 Qb4 21. Re3 c6 22. Qc1 Qb6 23. Red3 Rfe8 24. Qf4 Qc7 25. g4 Nh7 26. Qe3 f6 27. Ng6 Qf7 28. Ngh4 Ng5 29. Ne1 e5 30. dxe5 Rxd3 31. Qxd3 Bxg4 32. f3 Bc8 33. Nf5 Bxf5 34. Qxf5 fxe5 35. Qg4 Rf8 36. Rd7 Qg6 37. Kf2 Ne4+ 38. Ke3 Qxg4 39. fxg4 Nc5 40. Re7 Nxb3 41. Rxb7 1-0

[Event "Monza op"]
[Site "Monza"]
[Date "2002.03.16"]
[Round "1"]
[White "Bison, Beniamino"]
[Black "Zacco, Remo"]
[Result "1-0"]
[WhiteElo "2174"]
[BlackElo "1821"]
[PlyCount "69"]
[EventDate "2002.03.16"]
[EventType "swiss"]
[EventRounds "4"]
[EventCountry "ITA"]
[SourceTitle "EXT 2024"]
[Source "ChessBase"]
[SourceDate "2023.10.10"]
[SourceVersion "1"]
[SourceVersionDate "2023.10.10"]
[SourceQuality "1"]

1. d4 Nf6 2. c4 g6 3. g3 Bg7 4. Bg2 0-0 5. Nf3 c6 6. 0-0 d5 7. Nbd2 Ne4 8. b3 Nc3 9. Qe1 c5 10. e3 cxd4 11. exd4 dxc4 12. Nxc4 Nc6 13. Bb2 Nd5 14. Qd2 Be6 15. Ng5 Bf5 16. Ne4 Rc8 17. Rac1 b6 18. Ne5 Ndb4 19. Nxc6 Nxc6 20. d5 Ne5 21. f4 Ng4 22. Bxg7 Kxg7 23. Qd4+ Kg8 24. Ng5 Qd6 25. h3 Nf6 26. Rfd1 Rfd8 27. Qa4 a5 28. g4 Bd7 29. Qd4 Bb5 30. Rxc8 Rxc8 31. a4 Ba6 32. Nf3 Bb7 33. Ne5 Rd8 34. Nc4 Nd7 35. Nxd6 1-0